Statistics for Bad Tracklist (Michael Jackson)

Click here to take the quiz!

General Stats

  • This quiz has been taken 42 times
  • The average score is 9 of 11

Answer Stats

HintAnswer% Correct
1Bad
100%
3Speed Demon
87%
2The Way You Make Me Feel
87%
9Dirty Diana
84%
8I Just Can't Stop Loving You
(feat. Siedah Garret)
84%
11Leave Me Alone
84%
4Liberian Girl
84%
10Smooth Criminal
84%
5Just Good Friends
81%
7Man In The Mirror
81%
6Another Part Of Me
74%

Score Distribution

Percentile by Number Answered

Percent of People with Each Score

Your Score History

You have not taken this quiz